AIRPORT PLANNING AND MANAGEMENT / (Record no. 588659)

000 -LEADER
fixed length control field 00352nam a22001457a 4500
020 ## - INTERNATIONAL STANDARD BOOK NUMBER
Qualifying information PB.
040 ## - CATALOGING SOURCE
Transcribing agency FIZZA ISHAQ
082 ## - DEWEY DECIMAL CLASSIFICATION NUMBER
Classification number 387.730
Author Mark YOU
100 ## - MAIN ENTRY--PERSONAL NAME
Personal name YOUNG, SETH.
9 (RLIN) 90447
245 ## - TITLE STATEMENT
Title AIRPORT PLANNING AND MANAGEMENT /
Statement of responsibility, etc. SETH YOUNG.
250 ## - EDITION STATEMENT
Edition statement 6th ED.
260 ## - PUBLICATION, DISTRIBUTION, ETC.
Name of publisher, distributor, etc. MC GRAW HILL,
Date of publication, distribution, etc. 2011.
300 ## - PHYSICAL DESCRIPTION
Extent 608 P. ;
942 ## - ADDED ENTRY ELEMENTS (KOHA)
Source of classification or shelving scheme
Koha item type Book
Holdings
Withdrawn status Lost status Source of classification or shelving scheme Damaged status Not for loan Permanent Location Current Location Date acquired Total Checkouts Full call number Barcode Date last seen Date last checked out Price effective from Koha item type
          NUST Baluchistan Campus (NBC) NUST Baluchistan Campus (NBC) 03/08/2022 4 387.730 YOU Q-2915 08/18/2023 08/18/2023 03/08/2022 Book
© 2023 Central Library, National University of Sciences and Technology. All Rights Reserved.